| 000 | 00731cam a22002413a 4500 | ||
|---|---|---|---|
| 001 | 10054 | ||
| 003 | PGUSA | ||
| 005 | 20140828083219.0 | ||
| 008 | 031101s2003||||xxu|||||s|||||000 | eng d | ||
| 040 |
_aPGUSA _beng |
||
| 042 | _adc | ||
| 050 | 4 | _aTN | |
| 100 | 1 |
_aBerzelius, Jöns Jakob, friherre, _d1779-1848 |
|
| 245 | 1 | 0 |
_aNova analysis aquarum Medeviensium _h[electronic resource] / _cJöns Jakob, friherre Berzelius |
| 260 |
_bProject Gutenberg, _c2003 |
||
| 506 | _aPublic domain in the USA. | ||
| 516 | _aElectronic text | ||
| 653 | _aMineral waters -- Sweden | ||
| 700 | 1 |
_aEkeberg, Anders Gustaf, _d1767-1813 |
|
| 830 | 0 |
_aProject Gutenberg _v10054 |
|
| 856 | 4 | 0 | _uhttp://www.gutenberg.org/ebooks/10054 |
| 942 | _cEB | ||
| 999 |
_c239309 _d239309 |
||